La Carta Mediterránea (Record no. 67207)

MARC details
000 -LEADER
campo de control de longitud fija 00717nam a2200193 i 4500
001 - NÚMERO DE CONTROL
campo de control 67207
003 - IDENTIFICADOR DE NÚMERO DE CONTROL
campo de control ES-MaACL
005 - FECHA Y HORA DE LA ÚLTIMA TRANSACCIÓN
campo de control 20230906170012.0
007 - CAMPO FIJO DE DESCRIPCIÓN FÍSICA--INFORMACIÓN GENERAL
campo de control de longitud fija t|
008 - DATOS DE LONGITUD FIJA--INFORMACIÓN GENERAL
campo de control de longitud fija 040511s1997 sp ||||1| spa d
080 ## - NÚMERO DE LA CLASIFICACIÓN DECIMAL UNIVERSAL
Número de la Clasificación Decimal Universal 341.232(4-13 : 6-17)
110 2# - ENTRADA PRINCIPAL--NOMBRE DE ENTIDAD CORPORATIVA
Nombre de entidad corporativa o nombre de jurisdicción como elemento de entrada Organización Carta Mediterránea.
9 (RLIN) 6054
245 13 - MENCIÓN DEL TÍTULO
Título La Carta Mediterránea
Resto del título : texto final = La Charte Méditerraneénne : texte final.
260 ## - PUBLICACIÓN, DISTRIBUCIÓN, ETC.
Lugar de publicación, distribución, etc. Madrid :
Nombre del editor, distribuidor, etc. Carlos Bruquetas Galán,
Fecha de publicación, distribución, etc. 1997.
300 ## - DESCRIPCIÓN FÍSICA
Extensión 51, [15] p. ;
Dimensiones 20 cm.
500 ## - NOTA GENERAL
Nota general Texto en español, en francés, en inglés, en italiano y en árabe.
650 #4 - PUNTO DE ACCESO ADICIONAL DE MATERIA--TÉRMINO DE MATERIA
Término de materia o nombre geográfico como elemento de entrada Desarrollo económico-
Subdivisión geográfica Mediterráneo (Región)-
Subdivisión general Cooperación internacional.
9 (RLIN) 11802
852 ## - LOCALIZACIÓN
Ubicación ES-MaACL
Número de control de estantería 2177-F-12
Sublocalización o colección R.132900
Holdings
Estatus retirado Estado de pérdida Estado de daño No para préstamo Colección Biblioteca de origen Biblioteca actual Ubicación en estantería Fecha de adquisición Fuente de adquisición Total de préstamos Signatura topográfica completa Código de barras Visto por última vez Precio de reemplazo Tipo de ítem Koha
        Colección de folletos Biblioteca del Ateneo de Madrid Biblioteca del Ateneo de Madrid Depósito folletos 17/01/2008     2177-F-12 1070382 23/02/2023 23/02/2023 Folleto